Maljunok

Bibliographic Details
Main Author: Macinský, Ivan, 1922-1987 (Author)
Format: Article
Language:Ukrainian
Slovak
Subjects:

MARC

LEADER 00000nab a2200000 a 4500
001 vtls000821991
003 SK-MaSNL
005 20260304182950.0
008 160314c2003 xo 0 ukr
015 |a SNBRB2003/01-01443 
035 |a CLN000173646 
040 |a SNKBUCL  |b slo  |c SNKBUCL  |e AACR2 
041 0 |a slo 
044 |a xo  |c SK 
080 |a 883 (437.6)-1(087.5)=83  |2 UDC-MRF-SK2 
100 1 |a Macinský, Ivan,  |d 1922-1987  |4 aut  |9 182724 
245 1 0 |a Maljunok  |c Ivan Macyns'kyj 
650 0 7 |a lyrické básne, ukrajinské  |2 snkbucl  |9 70201 
773 0 |t Veselka  |g Roč. 50, č. 3 (2002/2003), s. 2 
850 |a Slovenská národná knižnica v Martine 
852 |a SNK  |b KIS3GCP 
958 |a UK 
958 |a SK 
958 |a LX 
958 |a DB 
958 |a RBX 
999 |c 3032221  |d 3034151